Представление документа в формате MARC21

Поле Инд. ПП Название Значение
Тип записи a
Библиографический уровень m
001 Контрольный номер 9fbd835e1e594d019ccf0d4a1c05bfa4
005 Дата корректировки 20260113153308.1
020 a ISBN 978-5-534-07048-4
040 b Код языка каталог. rus
e Правила каталог. PSBO
041 0_ a Код языка текста rus
080 a Индекс УДК 005(075.8)
097 b Оператор *М*
097 b Оператор *Фа*
100 1_ a Автор Рожков Н.Н.
245 10 a Заглавие Квалиметрия и управление качеством. Математические методы и модели
b Продолж. заглавия учебник и практикум для вузов
b Продолж. заглавия в составе учебно-методического комплекса
250 a Основные сведения об издании 2-е изд., доп. и перераб.
260 a Место издания Москва
b Издательство Юрайт
c Дата издания 2023
440 _0 a Серия Высшее образование
440 _0 a Серия УМК-У
516 8_ a Прим. о типе комп. файла/ данных Режим доступа: по подписке
a Прим. о типе комп. файла/ данных Дата обращения: 31.08.2022
516 8_ a Прим. о типе комп. файла/ данных Текст : электронный
520 0_ a Аннотация Книга посвящена описанию моделей и методов обработки исходных данных нечисловой природы. Она ориентирована на достаточно широкий круг читателей, в первую очередь на обучающихся по программам как бакалавриата, так и магистратуры, по различным направлениям подготовки, связанных с управлением качеством, стандартизацией, комплексной оценкой эффективности сложных технических изделий, социологией и т. п. Рассматриваются модели и методы, лежащие в основе процедур оценки качества сложных объектов и опирающихся на теорию квалиметрических шкал, ранговые методы и методы анализа экспертных оценок. Рассмотрены также модели многокритериального оценивания, в которых качество объекта, зависящее от многих единичных показателей, оценивается с помощью комплексных показателей.
535 1_ a Хранилище Образовательная платформа Юрайт
583 a Действие Приписка : УМК
653 0_ a Ключевые слова Квалиметрия
a Ключевые слова Управление качеством
a Ключевые слова Измерение показателей
a Ключевые слова Бинарные отношения
a Ключевые слова Показатели качества
655 a Жанр/ форма (устаревшее) *У*
773 18 w Контрольный № источника RU/IS/BASE/549989295
w Контрольный № источника RU/IS/BASE/552486169
w Контрольный № источника 130594
w Контрольный № источника 116026
856 40 u URL https://urait.ru/bcode/515544
901 t Тип документа m
905 b Дата создания записи обработка 31.08.22
c Дата приписки 28.02.23
c Дата приписки 03.03.23
c Дата приписки 11.10.23
c Дата приписки 116026
952 a Тип литературы для КСУ ВШ *У1*
952 e Факультет *ФУСК*
990 g Размещение заказа (DOS) Образовательная платформа Юрайт
c Приоритет заказа (DOS) *д*
j Количество экземпляров (DOS) 1